| 000 | 00848nam a2200313Ia 4500 | ||
|---|---|---|---|
| 008 | 171120s9999 xx 000 0 und d | ||
| 020 | _a753405105 | ||
| 050 | _a629.2 | ||
| 050 | _bM471 1993 | ||
| 100 | _aMaynard, Christopher | ||
| 245 | _aI wonder why planes have wings : | ||
| 245 | _band other questions about transport / | ||
| 245 | _cby Christopher Maynard. | ||
| 260 | _aLondon : | ||
| 260 | _bKingfisher, | ||
| 260 | _c1993 | ||
| 300 | _a32 pages : | ||
| 300 | _bcolor illustrations ; | ||
| 300 | _c29cm. | ||
| 440 | _aI wonder why. | ||
| 650 | _aAeronotics -- | ||
| 650 | _aMotor vehicles -- | ||
| 650 | _aShips -- | ||
| 650 | _xMiscellanea -- Juvenile literature. | ||
| 650 | _xMiscellanea -- Juvenile literature. | ||
| 650 | _xMiscellanea -- Juvenile literature. | ||
| 700 | _aSeries. | ||
| 700 | _aTitle. | ||
| 999 |
_c344962 _d344962 |
||